| 000 | 00397nam a22001337a 4500 | ||
|---|---|---|---|
| 082 |
_a388.4 _bNAT |
||
| 100 |
_aN.T.R.C (Govt of Pakistan) _938743 |
||
| 245 | _aGreater Islamabad / Rawalpindi area transportation study (Girats)/ | ||
| 260 |
_aIslamabad: _bN.R.T.C _cc1995 |
||
| 300 |
_a200+p; _bill,; _c28 cm |
||
| 526 |
_a0 _b0 _c0 _d388_400000000000000_NAT |
||
| 650 |
_aNUST _96342 |
||
| 942 |
_2ddc _cBK |
||
| 999 |
_c543380 _d543380 |
||